[Event "ROM-ch"]
[Site "Eforie Nord"]
[Date "2009.02.04"]
[Round "5"]
[White "Marinescu, Stefan"]
[Black "Berintan, Teodor"]
[Result "1-0"]
[WhiteElo "1870"]
[BlackElo "2067"]
[PlyCount "77"]
[EventDate "2009.01.31"]
[EventType "swiss"]
[EventRounds "9"]
[EventCountry "ROU"]
[SourceTitle "CBM 130 Extra"]
[Source "ChessBase"]
[SourceDate "2009.07.02"]
[SourceVersion "2"]
[SourceVersionDate "2009.07.15"]
[SourceQuality "1"]

1. d4 Nf6 2. c4 g6 3. Nc3 Bg7 4. e4 d6 5. f3 0-0 6. Be3 c6 7. Qd2 Re8 8. Bd3 Na6 9. Nge2 Nc7 10. 0-0 a6 11. a4 e6 12. a5 Nd7 13. Na4 Rf8 14. f4 Qe7 15. Nb6 Rb8 16. f5 Re8 17. Bh6 Bh8 18. Rf3 c5 19. Nxd7 Bxd7 20. d5 e5 21. b4 b5 22. axb6 Rxb6 23. bxc5 dxc5 24. Be3 Bf6 25. fxg6 fxg6 26. Qa5 Rb7 27. Bxc5 Qd8 28. Bb6 Be7 29. c5 Bb5 30. Bxb5 axb5 31. d6 Bxd6 32. cxd6 Qxd6 33. Bxc7 Qxc7 34. Qxc7 Rxc7 35. Nc3 Rb8 36. Nd5 Rcb7 37. Rb1 Ra8 38. Rfb3 Rab8 39. Nc3 1-0